000 00504nam a2200193Ia 4500
005 20250508160801.0
008 008 250505s9999 xx 000 0 hin d
037 _aTextual
040 _aFEDL
_beng
_cFEDL
041 _ahin
_2eng
084 _a370.1, SAX
_qFEDL
100 _aSaxena N R Swarup
_9769358
245 0 _aShiksha siddhant
260 _aDelhi, India
_bLayal Book depot
300 _a556p
365 _aINR
_b12.5
942 _cTEXL
_h370.1, SAX
999 _c1366606
_d1366606